Illustrated dictionary of entomology (Record no. 42917)

MARC details
000 -LEADER
fixed length control field 00328nam a2200121Ia 4500
020 ## - INTERNATIONAL STANDARD BOOK NUMBER
ISBN 8189422561
082 ## - DEWEY DECIMAL CLASSIFICATION NUMBER
Classification number 595.7(038)
Item number NAT
100 ## - MAIN ENTRY--AUTHOR NAME
Personal name Nath, Paras
245 #0 - TITLE STATEMENT
Title Illustrated dictionary of entomology
260 ## - PUBLICATION, DISTRIBUTION, ETC. (IMPRINT)
Place of publication New Delhi
Name of publisher New India Publishing Agency
Year of publication 2007
942 ## - ADDED ENTRY ELEMENTS (KOHA)
Koha item type Books
Holdings
Withdrawn status Lost status Damaged status Not for loan Home library Current library Date acquired Cost, normal purchase price Full call number Accession Number Koha item type
        RRII Library RRII Library 16/12/2021 1150.00 595.7(038) NAT 23181 Books